Ziya Gökalp (Record no. 5237)

MARC details
000 -BAŞLIK
Sabit Uzunlukta Kontrol Alanı 00773na a2200265 4500
001 - KONTROL NUMARASI
Denetim Alanı 14388
003 - KONTROL NUMARASI IDENTIFIER
Denetim Alanı MIRAKIL
005 - SON İŞLEM TARİHİ VE ZAMANI
Denetim Alanı 20181213155031.0
008 - SABİT-BOY VERİ ELEMANLARI - GENEL BİLGİLER
Sabit Uzunlukta Kontrol Alanı 160904b tu 000 0
020 ## - ULUSLARARASI STANDART KİTAP NUMARASI
Uluslararası Standart Kitap Numarası 9758356283
035 ## - SİSTEM KONTROL NUMARASI
Sistem Kontrol Numarası 14388
040 ## - KATALOGLAMA KAYNAK
Orijinal Kataloglama Ajansı Milas
Kataloglama Dili tur
Metne Dönüştürmek Ajansı TR-AnCHP
082 ## - DEWEY ONLU SINIFLANDIRMA NUMARASI
Sınıflandırma Numarası 923.9 Ziya,G.
Ürün Numarası Ş33z 2003
090 ## - SINIFLAMA NUMARASI
Sınıflama Numarası 923.9 Ziya,G. Ş33z 2003
100 ## - ANA GİRİŞ - KİŞİSEL İSİM
Kişisel Ad Şehsuvaroğlu, Lütfü
245 ## - BAŞLIK TABLOSU
Başlık Ziya Gökalp
Sorumluluk Tablosu, Vb Lütfü Şehsuvaroğlu
260 ## - YAYIN, DAĞITIM, VB
Yayın, Dağıtım, Vb Yeri Ankara
Yayıncı, Dağıtıcı, Vs Adı Alternatif Yayınları
Yayın, Dağıtım, Vb Tarihi 2003
300 ## - FİZİKSEL TANIM
Kapsam 256 s.
Boyutlar 21 sm.
490 ## - SERİSİ TABLOSU
Seri Beyanı Biyografi dizisi
Hacim / Ardışık Tanımı 15
490 ## - SERİSİ TABLOSU
Seri Beyanı Alternatif yayınları
Hacim / Ardışık Tanımı 20
600 ## - KONU KATMA GİRİŞ - KURUMSAL ADI
Kişisel Ad Gökalp, Ziya
Bir Adıyla İlişkilendirilen Tarihler 1876-1924
Genel Alt Bölümü Derlemeler
600 ## - KONU KATMA GİRİŞ - KURUMSAL ADI
Kişisel Ad Gökalp, Ziya
Bir Adıyla İlişkilendirilen Tarihler 1876-1924
Genel Alt Bölümü Derlemeler
650 ## - KONU KATMA GİRİŞ - TOPİKAL DÖNEM
Topikal Süreli Veya Coğrafi Ad Giriş Elemanı Türk yazarlar
Genel Alt Bölümü Derlemeler
942 ## - EKLENDİ GİRİŞ ELEMANLARI (KOHA)
Sınıflandırma Veya Raf Düzeni Kaynak Dewey Decimal Classification
Koha Öğesi Türü Books
999 ## - SİSTEM KONTROL NUMARALARI (KOHA)
Koha Biblionumber 5237
Koha Biblioitemnumber 5237
Holdings
Kalıcı Konum Mevcut Konum Edinme Tarihi Edinim Kaynak Toplam Check-Out'Lar Tam Çağrı Numarası Barkod Tarih Son Görülme İtibaren Geçerli Fiyatlar Koha Öğesi Türü
CHP Kütüphanesi CHP Kütüphanesi 08/26/2016 Bağış   923.9 Ziya,G. Ş33z 2003 001897 08/26/2016 08/26/2016 Books